Discurso de recepción del académico numerario Excmo. Sr. D. Luis Ceballos Fernández de Córdoba y contestación del Excmo. Sr. D. Francisco Javier Sánchez Cantón (Registro nro. 44478)

Detalles MARC
000 -LEADER
campo de control de longitud fija 01110nam a2200253 i 4500
001 - NÚMERO DE CONTROL
campo de control 44478
003 - IDENTIFICADOR DE NÚMERO DE CONTROL
campo de control ES-MaACL
005 - FECHA Y HORA DE LA ÚLTIMA TRANSACCIÓN
campo de control 20250820063031.0
007 - CAMPO FIJO DE DESCRIPCIÓN FÍSICA--INFORMACIÓN GENERAL
campo de control de longitud fija t|
008 - DATOS DE LONGITUD FIJA--INFORMACIÓN GENERAL
campo de control de longitud fija 030321s1965 sp ||||1| spa d
080 ## - NÚMERO DE LA CLASIFICACIÓN DECIMAL UNIVERSAL
Número de la Clasificación Decimal Universal 821.134.2 Cervantes Saavedra, Miguel de 7 Quijote.06:58
100 1# - ENTRADA PRINCIPAL--NOMBRE DE PERSONA
Nombre de persona Ceballos y Fernández de Córdoba, Luis,
Fechas asociadas al nombre 1896-1967
9 (RLIN) 37284
245 10 - MENCIÓN DEL TÍTULO
Título Discurso de recepción del académico numerario Excmo. Sr. D. Luis Ceballos Fernández de Córdoba y contestación del Excmo. Sr. D. Francisco Javier Sánchez Cantón
Resto del título : sesión del 12 de diciembre de 1965.
246 3# - FORMA VARIANTE DEL TITULO
Título propio/Titulo breve Flora del "Quijote"
260 ## - PUBLICACIÓN, DISTRIBUCIÓN, ETC.
Lugar de publicación, distribución, etc. Madrid :
Nombre del editor, distribuidor, etc. Real Academia Española,
Fecha de publicación, distribución, etc. 1965.
300 ## - DESCRIPCIÓN FÍSICA
Extensión 54 p. ;
Dimensiones 25 cm.
594 ## - Nota al título y mención de responsabilidad
Nota al título y mención de responsabilidad Tema: Flora del "Quijote"
600 14 - PUNTO DE ACCESO ADICIONAL DE MATERIA--NOMBRE DE PERSONA
Nombre de persona Cervantes Saavedra, Miguel de,
Fechas asociadas al nombre 1547-1616.
Título de la obra Don Quijote de la Mancha
9 (RLIN) 37612
600 14 - PUNTO DE ACCESO ADICIONAL DE MATERIA--NOMBRE DE PERSONA
Nombre de persona Cervantes Saavedra, Miguel de,
Fechas asociadas al nombre 1547-1616-
Subdivisión general Conocimientos-
-- Botánica
9 (RLIN) 37598
700 1# - ENTRADA AGREGADA--NOMBRE PERSONAL
Nombre de persona Sánchez Cantón, Francisco Javier,
Fechas asociadas al nombre 1891-1971
9 (RLIN) 102521
710 2# - ENTRADA AGREGADA--NOMBRE DE ENTIDAD CORPORATIVA
Nombre de entidad corporativa o nombre de jurisdicción como elemento de entrada Real Academia Española
9 (RLIN) 6336
852 4# - LOCALIZACIÓN
Ubicación ES-MaACL
Número de control de estantería C-28440
Existencias
Estatus retirado Estado de pérdida Estado de daño No para préstamo Biblioteca de origen Biblioteca actual Ubicación en estantería Fecha de adquisición Fuente de adquisición Total de préstamos Signatura topográfica completa Código de barras Visto por última vez Precio de reemplazo Tipo de ítem Koha
        Biblioteca del Ateneo de Madrid Biblioteca del Ateneo de Madrid Depósito 2 17/01/2008     C-28440 1046809 23/02/2023 23/02/2023 Libro impreso